| 000 | 00902cam a22002894a 4500 | ||
|---|---|---|---|
| 999 |
_c4833 _d4833 |
||
| 001 | 12685949 | ||
| 003 | OSt | ||
| 005 | 20181214203456.0 | ||
| 008 | 020220s2002 cou 000 0 eng | ||
| 010 | _a 2002024653 | ||
| 020 | _a1576832899 | ||
| 020 | _a1576832740 (pbk.) | ||
| 035 | _a(DLC) 2002024653 | ||
| 035 | _a(DLC)1883 | ||
| 040 |
_aDLC _cDLC _dDLC |
||
| 042 | _apcc | ||
| 050 | 0 | 0 |
_aBS195 _b.M47 2002 |
| 082 | 0 | 0 |
_a220.53 _221 _bEU87B |
| 130 | 0 |
_aBible. _lEnglish. _sMessage. _f2002. |
|
| 245 | 1 | 4 |
_aThe message : _bthe Bible in contemporary language / _cEugene H. Peterson. |
| 260 |
_aColorado Springs : _bNavPress, _c2002. |
||
| 300 |
_a2265 p. ; _c24 cm. |
||
| 700 | 1 |
_aPeterson, Eugene H., _d1932-2018. |
|
| 906 |
_a7 _bcbc _corignew _d1 _eocip _f20 _gy-gencatlg |
||
| 942 |
_2ddc _cREF |
||